One Team MLB Players - Statistics

General Stats
  • This quiz has been taken 12 times
  • The average score is 24 of 189
Answer Stats
Team Answer % Correct
Pittsburgh Pirates Roberto Clemente
80%
Atlanta Braves Chipper Jones
60%
Houston Astros Craig Biggio
60%
New York Yankees Derek Jeter
60%
Houston Astros Jeff Bagwell
60%
New York Yankees Mickey Mantle
60%
Baltimore Orioles Carl Ripken Jr.
50%
Seattle Mariners Edgar Martinez
50%
Minnesota Twins Kirby Puckett
50%
New York Yankees Lou Gehrig
50%
St. Louis Cardinals Pepper Martin
50%
Detroit Tigers Alan Trammell
40%
Detroit Tigers Al Kaline
40%
Cincinnati Reds Barry Larkin
40%
New York Yankees Bernie Williams
40%
St. Louis Cardinals Bob Gibson
40%
Baltimore Orioles Brooks Robinson
40%
Boston Red Sox Carl Yastrzemski
40%
Chicago Cubs Ernie Banks
40%
Kansas City Royals George Brett
40%
Brooklyn Dodgers Jackie Robinson
40%
Minnesota Twins Joe Mauer
40%
Cincinnati Reds Joey Votto
40%
Detroit Tigers Lou Whitaker
40%
New York Yankees Mariano Rivera
40%
Philadelphia Phillies Mike Schmidt
40%
Milwaukee Brewers Robin Yount
40%
Boston Red Sox Ted Williams
40%
Colorado Rockies Todd Helton
40%
San Diego Padres Tony Gwynn
40%
New York Giants Travis Jackson
40%
Washington Senators Walter Johnson
40%
Cleveland Indians Bob Feller
30%
San Francisco Giants Buster Posey
30%
New York Mets David Wright
30%
Boston Red Sox Dom DiMaggio
30%
Kansas City Royals Frank White
30%
New York Yankees Joe DiMaggio
30%
Cincinnati Reds Johnny Bench
30%
Los Angeles Dodgers Mike Scioscia
30%
Brooklyn Dodgers Roy Campanella
30%
New York Yankees Roy White
30%
Philadelphia Phillies Ryan Howard
30%
Brooklyn/Los Angeles Dodgers Sandy Koufax
30%
St. Louis Cardinals Stan Musial
30%
Pittsburgh Pirates Willie Stargell
30%
Philadelphia Phillies Bob Miller
20%
New York Giants Carl Hubbell
20%
Detroit Tigers Charlie Gehringer
20%
Brooklyn/Los Angeles Dodgers Don Drysdale
20%
Baltimore Orioles Jim Palmer
20%
Minnesota Twins Kent Hrbek
20%
Chicago White Sox Orval Grove
20%
Brooklyn Superbas/Dodgers/Robins Otto Miller
20%
Brooklyn/Los Angeles Dodgers Pee Wee Reese
20%
Milwaukee Brewers Ryan Braun
20%
St. Louis Cardinals Yadier Molina
20%
St. Louis Cardinals Adam Wainwright
10%
Pittsburgh Pirates Bill Mazeroski
10%
Los Angeles Dodgers Bill Russell
10%
Boston Red Sox Bobby Doerr
10%
New York Yankees Bobby Richardson
10%
Cleveland Indians Bob Lemon
10%
Boston Red Sox Bob Montgomery
10%
Cincinnati Reds Dave Concepcion
10%
Kansas City/Oakland Athletics Dick Green
10%
New York Yankees Don Mattingly
10%
Boston Red Sox Dustin Pedroia
10%
New York Mets Ed Kranepool
10%
Seattle Mariners Felix Hernandez
10%
New York Yankees Jorge Posada
10%
Houston Astros J. R. Richard
10%
Chicago White Sox Luke Appling
10%
Cleveland Indians Mel Harder
10%
New York Giants Mel Ott
10%
New York Yankees Mel Stottlemyre
10%
San Francisco Giants Robby Thompson
10%
Washington Nationals Ryan Zimmerman
10%
Pittsburgh Pirates Steve Blass
10%
Montreal Expos Steve Rogers
10%
New York Yankees Thurman Munson
10%
California/Anaheim/Los Angeles Angels Tim Salmon
10%
New York Yankees Whitey Ford
10%
St. Louis Cardinals Al Brazle
0%
Kansas City Royals Alex Gordon
0%
Cleveland Indians Al Rosen
0%
Los Angeles Dodgers Andre Ethier
0%
New York Yankees Arndt Jorgens
0%
Cincinnati Red Stockings/Reds Bid McPhee
0%
Atlanta Braves Biff Pocoroba
0%
Boston Americans/Red Sox Bill Carrigan
0%
New York Yankees Bill Dickey
0%
Detroit Tigers Bill Freehan
0%
New York Giants Bill Terry
0%
Milwaukee Brewers Bill Wegman
0%
Detroit Tigers Bobby Higginson
0%
Pittsburgh Pirates Bob Moose
0%
Boston Red Sox Bob Stanley
0%
Minnesota Twins Brad Radke
0%
New York Yankees Brett Gardner
0%
Atlanta Braves Bruce Benedict
0%
Washington Senators Buddy Lewis
0%
Brooklyn/Los Angeles Dodgers Carl Erskine
0%
Brooklyn/Los Angeles Dodgers Carl Furillo
0%
Pittsburgh Pirates Carson Bigbee
0%
Washington Senators Cecil Travis
0%
Baltimore Orioles Chris Hoiles
0%
Baltimore Orioles Chris Tillman
0%
Washington Senators Clyde Milan
0%
Kansas City Royals Dennis Leonard
0%
Philadelphia Athletics Dick Fowler
0%
New York Yankees Earle Combs
0%
Philadelphia Athletics Eddie Rommel
0%
New York Yankees Frankie Crosetti
0%
Detroit Tigers Fred Hutchinson
0%
California/Anaheim Angels Gary DiSarcina
0%
Detroit Tigers Gates Brown
0%
Pittsburgh Pirates Gene Alley
0%
New York Yankees Gil McDougald
0%
Minnesota Twins Glen Perkins
0%
Cleveland Napoleons/Indians Guy Morton
0%
New York Giants Hal Schumacher
0%
New York Giants Harry Danning
0%
Detroit Tigers Hooks Dauss
0%
Cleveland Napoleons/Indians Jack Graney
0%
New York Yankees Jake Gibbs
0%
Boston Red Sox Jason Varitek
0%
Milwaukee Brewers Jerry Augustine
0%
San Francisco Giants Jim Davenport
0%
Milwaukee Brewers Jim Gantner
0%
Brooklyn/Los Angeles Dodgers Jim Gilliam
0%
Boston Red Sox Jim Rice
0%
New York Yankees Joe Collins
0%
Chicago White Sox John Danks
0%
Detroit Tigers John Hiller
0%
Chicago White Sox Johnny Mostil
0%
Kansas City Royals John Wathan
0%
New York Giants Jo-Jo Moore
0%
Seattle Mariners Kyle Seager
0%
Philadelphia Phillies Larry Christenson
0%
Detroit Tigers Larry Woodall
0%
Chicago White Stockings/White Sox Lee Tannehill
0%
Cincinnati Reds Mario Soto
0%
San Francisco Giants Matt Cain
0%
Boston Red Sox Mel Parnell
0%
Detroit Tigers Mickey Stanley
0%
Boston Red Sox Mike Greenwell
0%
Oakland Athletics Mike Norris
0%
Chicago White Sox Mike Squires
0%
New York Giants Mike Tiernan
0%
Brooklyn Superbas/Dodgers/Robins Nap Rucker
0%
Washington Senators Ossie Bluege
0%
Detroit Tigers Pat Mullin
0%
Washington Senators Patsy Gharrity
0%
Kansas City Royals Paul Splittorff
0%
Philadelphia/Kansas City Athletics Pete Suder
0%
New York Yankees Phil Rizzuto
0%
Pittsburgh Pirates Pie Traynor
0%
Minnesota Twins Randy Bush
0%
St. Louis Cardinals Ray Blades
0%
Pittsburgh Pirates Ray Kremer
0%
Chicago White Sox Red Faber
0%
New York Yankees Red Rolfe
0%
Baltimore Orioles Rich Dauer
0%
Boston Red Sox Rico Petrocelli
0%
New York Yankees Ron Guidry
0%
New York Mets Ron Hodges
0%
Chicago White Sox Ron Karkovice
0%
Cincinnati Reds Ron Oester
0%
New York Giants Ross Youngs
0%
Pittsburgh Pirates Sam Leever
0%
Anaheim/Los Angeles Angels Scot Shields
0%
San Francisco Giants Scott Garrelts
0%
Baltimore Orioles Scott McGregor
0%
Boston Bees/Braves/Milwaukee Braves Sibby Sisti
0%
New York Yankees Spud Chandler
0%
Chicago Cubs Stan Hack
0%
Washington Nationals Stephen Strasburg
0%
Chicago White Sox Ted Lyons
0%
Philadelphia Phillies Terry Harmon
0%
St. Louis Cardinals Terry Moore
0%
San Diego Padres Tim Flannery
0%
Detroit Tigers Tommy Bridges
0%
New York Yankees Tommy Henrich
0%
St. Louis Cardinals Tom Pagnozzi
0%
Minnesota Twins Tony Oliva
0%
Pittsburgh Pirates Vern Law
0%
Detroit Tigers Vic Sorrell
0%
New York Giants Wes Westrum
0%
No matching quizzes found
Score Distribution
Percent of People with Each Score
Percentile by Number Answered
Your Score History
You have not taken this quiz